The wind leaves no shadow /

Bibliographic Details
Main Author: Laughlin, Ruth, 1889-1962
Format: Book
Language:English
Published: Caldwell, Idaho : Caxton Printers, [1951]
Edition:Enl. ed.

MARC

Tag First Indicator Second Indicator Subfields
LEADER 00000cam a2200000 a 4500
001 in00000083891
005 20170215102754.0
008 780106s1951 idub 00010 eng d
035 |a (OCoLC)03537033 
035 |9 AAJ0358AM 
040 |a AZU  |c AZU  |d TXA  |d UtOrBLW 
049 |a TXAM  |c [1561068] 
050 4 |a PS3523.A826  |b W5 1951b 
090 |a PS3523.A826  |b W56 1951 
100 1 |a Laughlin, Ruth,  |d 1889-1962. 
245 1 4 |a The wind leaves no shadow /  |c Ruth Laughlin. 
250 |a Enl. ed. 
264 1 |a Caldwell, Idaho :  |b Caxton Printers,  |c [1951] 
264 3 |c 1952 printing 
264 4 |c ©1951 
300 |a viii, 361 pages :  |b map ;  |c 21 cm. 
336 |a text  |b txt  |2 rdacontent 
337 |a unmediated  |b n  |2 rdamedia 
338 |a volume  |b nc  |2 rdacarrier 
500 |a Map on lining papers. 
999 |a MARS 
999 f f |s 0233a942-6165-3737-93fc-5924c1d3c439  |i 1fecd6a9-39cd-385c-a183-60621cb12d04  |t 0 
952 f f |p ric  |a Texas A&M University  |b Rellis Campus  |c Joint Library Facility  |d Remote Storage  |t 0  |e PS3523.A826 W56 1951  |h Library of Congress classification  |i unmediated -- volume  |m A14806196173 
998 f f |a PS3523.A826 W56 1951  |t 0  |l Remote Storage